| 000 | 01244cam a22003737c 4500 | ||
|---|---|---|---|
| 001 | |||
| 003 | DO-SdBPM | ||
| 005 | 20250917120110.0 | ||
| 007 | ta | ||
| 008 | 080717m2011 ck | |||| 000 spa | ||
| 017 |
_a _b |
||
| 020 | _a9789871404452 | ||
| 040 |
_a DO-SdBPM _bspa _cBPMSU _erda |
||
| 080 | _a | ||
| 082 | 4 |
_a372.4 _bB436c 2011 _222 |
|
| 100 | 1 |
_aBellante, Viviana _eautora |
|
| 245 | 1 | 0 |
_aComprensión lectora : _bsecretos para leer y entender / _c Viviana Bellante, Ana Laura Saucedo ;ilustraciones Juan David Vélez, Fernando Brancaccio _h |
| 250 | _a | ||
| 260 |
_a _b |
||
| 264 |
_aColombia : _bCirculo Latina Austral, _c 2011 |
||
| 300 |
_a 128 páginas : _bilustraciones; _c24 cm. |
||
| 336 |
_atexto _btxt _2rdacontent |
||
| 337 |
_asin mediación _bn _2rdamedia |
||
| 338 |
_avolumen _bnc _2rdacarrier |
||
| 490 | 0 |
_aAtención a la diversidad, _v49-50 |
|
| 590 | _aInventariado, 2025/VM | ||
| 650 | 7 | _aFacilidad de lectura | |
| 650 | 7 | _aEstrategias de aprendizaje | |
| 650 | 7 |
_a Educación primaria _zRepública Dominicana |
|
| 700 | 1 |
_aVélez, Juan David _eilustración |
|
| 700 | 1 |
_aBrancaccio, Fernando _eilustración |
|
| 910 | _aVMateo V. Control de calidad. BPMSU | ||
| 942 |
_2ddc _cBK |
||
| 999 |
_c12497 _d12497 |
||